| 000 | 00475nam a22001697a 4500 | ||
|---|---|---|---|
| 003 | OSt | ||
| 005 | 20260130071657.0 | ||
| 008 | 260130b |||||||| |||| 00| 0 eng d | ||
| 020 | _a 0-684-80071-3. | ||
| 040 |
_aDWC-Admin lib _cOC |
||
| 082 | _aFic. H373s 1954 | ||
| 100 | _aHermingway, Ernest | ||
| 245 |
_aThe sun also rises / _cErnest Hermingway |
||
| 260 |
_a New York : _bSimon & Schuster, _cc1954. |
||
| 300 |
_a 251 p. ; _c 20 cm. |
||
| 942 |
_2ddc _cFIC. _hFic. _n0 |
||
| 999 |
_c8041 _d8041 |
||